000 00752nam a2200229 a 4500
001 59273
003 BD-RjUL
005 20211209080719.0
008 161222s1957 enkb b 001 0 eng
035 _a(BD-RjUL)59397
040 _aLC
_beng
_cLC
_dBD-RjUL
041 _aeng
082 0 0 _a346.052
_223
_bBAL 1957
100 1 4 _aBasu, Nrisinhdas
_9176319
245 1 4 _aThe law of succession :
_bcontaining the Indian succession act (xxxix) of 1925 and the hindu succession act (xxx) of 1956 /
_cNrisinhdas Basu
250 _a4th ed.
260 _aCalcutta :
_bEastern law house Ltd.,
_cc1957
300 _acxii,1244 p. ;
_c26 cm.
504 _aIncludes index and bibliography.
650 0 _aInheritance and succession
_zIndia
_9176297
942 _2ddc
_cBK
999 _c59273
_d59273